| 000 | 01113nam a22002897a 4500 | ||
|---|---|---|---|
| 005 | 20111031153639.0 | ||
| 008 | 111031t xxu||||| |||| 00| 0 eng d | ||
| 010 | _aENG-103996 | ||
| 020 |
_a9788120343306 _c650.00 |
||
| 035 | _aEN-87529 | ||
| 037 | _bDBAD/PUB | ||
| 040 |
_aDPL _bEng |
||
| 082 | 0 | 0 |
_a631 _222 |
| 100 | 1 |
_aAcquaah, George _935607 |
|
| 245 | 1 | 0 |
_aPrinciples of crop production : _btheory, techniques, and technology / _cby George Acquaah |
| 250 | _a2nd ed | ||
| 260 |
_aNew Delhi _bPHI Learning _c2011 |
||
| 270 |
_aM-97, Connaught Circus _bNew Delhi _e110001 |
||
| 300 |
_axxvii, 740p. : _bill., maps _c27cm (pbk) |
||
| 500 | _aIncludes bibliographical references and index. | ||
| 650 | 0 |
_aField crops. _935608 |
|
| 650 | 0 |
_aFood crops. _935609 |
|
| 650 | 0 |
_aCrop yields. _935610 |
|
| 942 |
_2ddc _cBN _h631 _mACQ |
||
| 999 |
_c57914 _d57914 |
||